| 000 | 00000nam##2200000za#4500 |
| 001 | 9.663515 |
| 003 | CaOODSP |
| 005 | 20200401051104 |
| 007 | ta |
| 008 | 150407|2002||||xxc||||| f|0| 0 eng|d |
| 020 | |a0-662-66355-1 |
| 040 | |aCaOODSP|beng |
| 041 | |aeng |
| 041 | |afre |
| 043 | |an-cn--- |
| 086 | 1 |aSW21-91/2002 |
| 110 | 1 |aCanada. |bStatus of Women Canada. |
| 245 | 10|aOn her own: young women and homelessness in Canada |
| 260 | |aOttawa - Ontario : |bStatus of Women Canada |c2002. |
| 300 | |aEnglish text, ix, 138p. : |c27 cm. |
| 500 | |anull |
| 504 | |aBibliography. |
| 546 | |aBilingual |
| 563 | |aSoftcover |
| 590 | |a02-16|b2002-04-19 |
| 690 | 07|aSocial policy|2gcpds |
| 690 | 07|aHomelessness|2gcpds |
| 690 | 07|aYoung adults|2gcpds |
| 690 | 07|aWomen|2gcpds |
| 690 | 07|aResearch|2gcpds |
| 690 | 07|aHousing|2gcpds |
| 776 | 0#|tOù se tourner? : |w(CaOODSP)9.630760 |
| 792 | |tOù se tourner?: la situation des jeunes femmes sans abri au Canada |efre|w(CaOODSP)9.663516 |